Normal view
MARC view
Entry Personal Name
001 - CONTROL NUMBER
- control field: 56198
003 - CONTROL NUMBER IDENTIFIER
- control field: dpl
005 - DATE AND TIME OF LATEST TRANSACTION
- control field: 20230911122422.0
008 - FIXED-LENGTH DATA ELEMENTS
- fixed length control field: 230911|| aca||aabn | a|a d
040 ## - CATALOGING SOURCE
- Original cataloging agency: dpl
- Transcribing agency: dpl
100 ## - HEADING--PERSONAL NAME
- Personal name: विक्रमादित्य, कुमार
670 ## - SOURCE DATA FOUND
- Source citation: Work cat.: (dpl)197839: विक्रमादित्य, कुमार, मास्टरबा/, 2021
